| 000 | 00812nam a22002177a 4500 | ||
|---|---|---|---|
| 999 |
_c4299 _d4299 |
||
| 003 | OSt | ||
| 005 | 20250205142209.0 | ||
| 008 | 250205b ||||| |||| 00| 0 eng d | ||
| 020 | _a9780199147786 | ||
| 040 | _cKH8 | ||
| 082 | _a510 MAT | ||
| 130 | _aMaths Challenge | ||
| 245 |
_aMaths Challenge / _cedited by Tony Gardiner. |
||
| 260 |
_aNew York ; _bOxford University Press , _c2000. |
||
| 300 |
_a99 pages : _billustrations ; _c25 cm. |
||
| 490 |
_aMaths Challenge _v2 |
||
| 520 | _aMaths Challenge 2 is the first in a series of three books writeen to stretch in lower secondary schools. The series provides an assential grounding for those likely to study mathemtaics at a higher level. | ||
| 650 |
_aMathematics _vproblems & solving |
||
| 650 |
_aMathematics _vcomments & solutiuons |
||
| 942 |
_2ddc _cNFIC |
||